BRAINROT Asia SKIBIDI Map Quiz - Statistics

General Stats
  • This quiz has been taken 316 times
  • The average score is 16 of 48
Answers on the Map
Answers color-coded by a green-red scale on the quiz's map according to % correct below.
 
Answer Stats
Answer % Correct
Anime (arigatoooo)
74%
1 pound fish (WHY DID YOU REDEEM IT?!?!) (I am under da water)
59%
EVIL KOREA (Dictator boi)
55%
Good boy Korea (Democracy I think)
52%
Azerbai-GYATT
49%
bop-ladesh
49%
Genghis Khan (яагаад орчуулаад байгаа юм)
49%
Cam-bop-ia
44%
Bahhhhhhrainnnn
41%
ITS MYANMAR NOT BURMA (Im bouta crash out)
38%
Kazakahstanass
38%
Lao-sigma
38%
Malay-skibidi
37%
Vietnamian
37%
East Timor
36%
Only country that starts with O
36%
Yummy Yummy Turkey
36%
How is this not oceania
35%
I ran (track)
35%
Iraq (I got racks now Rhonda) (NETTSPEND REFERENCE)
35%
Skibidi arabia
33%
TEMU WORKERS (wo jia bing chilling!)
33%
Tyland
33%
Kyryryrzytyryrstan
32%
United skibidi emirtes (Rich Arabs)
32%
Mal-hives (Oh no STI)
31%
Only country that starts with Y
31%
Sri GYATT-a
31%
TEMU island
30%
Michael JORDAN (Lebron is better)
29%
Uz-I CANT PUT DOWN THE CUP-bekistan
29%
EVIL Georgia
28%
Ku-gyatt
26%
Lebron
26%
Mountain Temu workers
26%
CURRENT WARZONE (Im so sad)
25%
WORLD CUPPP WORLD CUPPP WORLD CUP (SUI RONALDO)
25%
Turk-MEN-istan
24%
Brick-tan (Russell Westbrook)
23%
Ta-curry-stan
23%
West "Why did you redeem it"
23%
where TikTok is (SUPPOSEDLY) from
22%
Georgia (United States)
20%
ex-warzone
17%
brownie
13%
Ima island boi
13%
Island boi (you ain't nothing but a broke boi boi boi boi)
9%
Free people (Wasn't always)
6%
No matching quizzes found
Score Distribution
Percent of People with Each Score
Percentile by Number Answered
Your Score History
You have not taken this quiz